Hoa bưởi đỏ Truyện
Đã lưu trong:
| Tác giả chính: | |
|---|---|
| Định dạng: | Sách |
| Ngôn ngữ: | Undetermined |
| Được phát hành: |
H.
Hội Nhà văn
2019
|
| Những chủ đề: | |
| Truy cập trực tuyến: | http://lrc.tdmu.edu.vn/opac/search/detail.asp?aID=2&ID=40430 |
| Các nhãn: |
Thêm thẻ
Không có thẻ, Là người đầu tiên thẻ bản ghi này!
|
| Thư viện lưu trữ: | Trung tâm Học liệu Trường Đại học Thủ Dầu Một |
|---|
| LEADER | 00655nam a2200205Ia 4500 | ||
|---|---|---|---|
| 001 | TDMU_40430 | ||
| 008 | 210410s9999 xx 000 0 und d | ||
| 082 | |a 813.54 | ||
| 090 | |b H459 | ||
| 100 | |a Hờ, A Di | ||
| 245 | 0 | |a Hoa bưởi đỏ | |
| 245 | 0 | |b Truyện | |
| 245 | 0 | |c Hờ A Di | |
| 260 | |a H. | ||
| 260 | |b Hội Nhà văn | ||
| 260 | |c 2019 | ||
| 300 | |a 295 tr | ||
| 650 | |a Văn học hiện đại |x Văn học Việt Nam |v Truyện; Truyện |x Văn học |z Việt Nam | ||
| 856 | |u http://lrc.tdmu.edu.vn/opac/search/detail.asp?aID=2&ID=40430 | ||
| 980 | |a Trung tâm Học liệu Trường Đại học Thủ Dầu Một | ||